Catálogo
 En Linea

The american indian today. / (Registro nro. 36832)

Detalles MARC
000 -CABECERA
campo de control de longitud fija 00589nam a2200181 a 4500
001 - NÚMERO DE CONTROL
campo de control 000037342
005 - FECHA Y HORA DE LA ÚLTIMA TRANSACCIÓN
campo de control 20200930080313.0
008 - DATOS DE LONGITUD FIJA--INFORMACIÓN GENERAL
campo de control de longitud fija 120328s1968 xxuab r 001 0 spa d
040 ## - FUENTE DE LA CATALOGACIÓN
Centro catalogador/agencia de origen DO-SdBNP
Lengua de catalogación spa
Centro/agencia transcriptor BNPHU
082 ## - NÚMERO DE LA CLASIFICACIÓN DECIMAL DEWEY
Número de clasificación xxxx
Número de documento/Ítem xxxx
245 00 - MENCIÓN DE TÍTULO
Título The american indian today. /
Mención de responsabilidad, etc. editores Stuart Levine y Nancy Oestreich Lurie.
260 ## - PUBLICACIÓN, DISTRIBUCIÓN, ETC.
Lugar de publicación, distribución, etc. Baltimore, Estados Unidos :
Nombre del editor, distribuidor, etc. Penguin,
Fecha de publicación, distribución, etc. 1968.
300 ## - DESCRIPCIÓN FÍSICA
Extensión 352 p. :
Otras características físicas il. map. ;
Dimensiones 18 cm.
500 ## - NOTA GENERAL
Nota general Incluye índice
590 ## - NOTA LOCAL (RLIN)
Nota local Inventariado, 2019/BT
700 1# - PUNTO DE ACCESO ADICIONAL--NOMBRE DE PERSONA
Nombre de persona Levine, Stuart,
Término indicativo de función/relación ed.
9 (RLIN) 63809
700 1# - PUNTO DE ACCESO ADICIONAL--NOMBRE DE PERSONA
Nombre de persona Oestreich Lurie, Nancy,
Término indicativo de función/relación ed.
9 (RLIN) 63810
Existencias
Estado de retiro Estado de pérdida Restricciones de uso No para préstamo Código de colección Localización permanente Ubicación/localización actual Ubicación en estantería Fecha de adquisición Número de inventario Total de préstamos Signatura topográfica completa Código de barras Fecha visto por última vez Precio válido a partir de Tipo de ítem Koha
      Excluido de préstamo Monografías: Libros y Folletos General General Depósito 28.03.2012 LF1   xxxx xxxx 37342-10 25.06.2020 25.06.2020 No se presta

Con tecnología Koha